What happens on the expiry of a hotel lease? (Record no. 78967)
[ view plain ]
| 000 -LEADER | |
|---|---|
| fixed length control field | 01260cab a22002055a 4500 |
| 001 - CONTROL NUMBER | |
| control field | L138712 |
| 008 - FIXED-LENGTH DATA ELEMENTS--GENERAL INFORMATION | |
| fixed length control field | 070704s2007 xxk f 000 0 eng d |
| 035 ## - SYSTEM CONTROL NUMBER | |
| System control number | (Sirsi) u138712 |
| 041 0# - LANGUAGE CODE | |
| Language code of text/sound track or separate title | eng |
| 100 1# - MAIN ENTRY--PERSONAL NAME | |
| Personal name | Romney, Charles |
| 245 00 - TITLE STATEMENT | |
| Title | What happens on the expiry of a hotel lease? |
| 260 ## - PUBLICATION, DISTRIBUTION, ETC. | |
| Date of publication, distribution, etc. | 2007 |
| 490 ## - SERIES STATEMENT | |
| Series statement | Journal of Retail and Leisure Property |
| Volume/sequential designation | 6(2) 3 April 2007, 93-95(3) |
| 520 ## - SUMMARY, ETC. | |
| Summary, etc. | Hotel leases should provide more specific end-of-lease provisions than most property contracts. Staff should normally be transferred if not required, and pension schemes must be considered. The name and goodwill of the premises must be considered. Forward bookings must be considered, and arrangements to honour or compensate should be enacted. The transfer of business is likely to be an ongoing concern but the new landlord must register for VAT. Operating requirements will need to be transferred satisfactorily. Any tenant improvements may require compensation. These arrangements should be made at the start of the lease. |
| 590 ## - LOCAL NOTE (RLIN) | |
| Local note | KA |
| 650 24 - SUBJECT ADDED ENTRY--TOPICAL TERM | |
| Topical term or geographic name entry element | LANDLORD AND TENANT ACT 1954 |
| 650 24 - SUBJECT ADDED ENTRY--TOPICAL TERM | |
| Topical term or geographic name entry element | TRANSFER OF UNDERTAKINGS REGULATIONS |
| 690 ## - LOCAL SUBJECT ADDED ENTRY--TOPICAL TERM (OCLC, RLIN) | |
| Topical term or geographic name as entry element | PROPERTY-COMMERCIAL PROPERTY-LEISURE PROPERTY-HOLIDAY AND GUEST PROPERTY-HOTEL PROPERTY |
| 942 ## - ADDED ENTRY ELEMENTS (KOHA) | |
| Suppress in OPAC | 0 |
| Withdrawn status | Lost status | Source of classification or shelving scheme | Damaged status | Not for loan | Home library | Current library | Shelving location | Date acquired | Total Checkouts | Full call number | Barcode | Date last seen | Copy number | Price effective from | Koha item type |
|---|---|---|---|---|---|---|---|---|---|---|---|---|---|---|---|
| Dewey Decimal Classification | London | London | Journal article | 04/07/2007 | L138712 | 138712-2001 | 06/08/2019 | 1 | 06/08/2019 | Journal article |